Film Pixar - Statistics

Statistiche generali
  • Questo quiz è stato fatto 183 volte
  • Il punteggio medio è 15 su 26
Statistiche sulle risposte
ANNO
PUBBLICAZIONE
FILM % Corretto
1995 Toy Story
91%
1999 Toy Story 2
86%
2010 Toy Story 3
86%
2019 Toy Story 4
81%
2006 Cars
79%
2017 Cars 3
77%
2011 Cars 2
76%
Inside Out
65%
2021 Luca
65%
2009 Up
63%
2004 Gli incredibili
62%
2003 Alla ricerca di Nemo
58%
Coco
55%
2018 Gli incredibili 2
55%
2008 Wall-e
55%
2001 Monsters & Co
53%
2007 Ratatouille
52%
Alla ricerca di Dory
51%
Soul
50%
1998 A Bug's life
47%
2022 Red
47%
2015 Monsters University
45%
2012 Ribelle - The Brave
43%
Lightyear - La vera storia di Buzz
29%
2016 Il viaggio di Arlo
27%
2020 Onward - Oltre la magia
25%
Nessun quiz corrispondente trovato
Distribuzione punteggi
Percentuale di utenti per punteggio
Percentile per numero di risposta
I tuoi punteggi nel tempo
Non hai fatto questo quiz